Регионална библиотека "Любен Каравелов" - Русе

Как се лекува лъвски страх без пердах (Запис номер 80530)

MARC детайли
000 -Лидер
Контролно поле с фиксирана дължина 01405nam a2200373 c 4500
003 - Код на организацията, давaща контролен номер
Контролно поле BLK
005 - Дата и час на последна редакция
Контролно поле 20240813114210.0
008 - Елементи от данни с фиксирана дължина
fixed length control field 180408b bul|||||r ||||||| ||bul||
010 ## - Наследен системен номер
LC control number KNG00085018000
020 ## - Международен стандартен номер на книга ISBN
Международен стандартен номер на книга ISBN 978-954-307-046-6
-- издат.: БАГРИ
040 ## - Източник на каталожния запис
Идентификатор на билиотеката - собственик на записа BLK
041 ## - Код за език
Код за езика на текст/звукозапис или на отделно заглавие Български
Код за езика КДБФ Български
080 ## - УДК
Текстов определител УДК Българска литература
УДК код - определител по УДК 821.163.2
УДК определител -93-34
УДК - код + определител 821.163.2-93-34
100 1# - Редна дума - Автор
Автор Дългъчева, Мая Георгиева
R(LIN) 289222
139 ## - Редно поле
Редна дума Дългъчева, Мая Георгиева
Авторски знак Дъ - Д 95
245 10 - Сведения за заглавието
Заглавие Как се лекува лъвски страх без пердах
Редно поле (дума) Мая Георгиева Дългъчева; ил. Анна Георгиева; ил. Павел Семков.
257 ## - Страна на издаване
Страна на създаване/издаване България
260 ## - Област на издателските данни
-- Пловдив
Име на издателя, разпространителя и проч. БАГРИ
Година на издаване 2007
300 ## - Физическа характеристика
Страници 12 с.
Илюстрации и др. с цв. ил.
Размери/Мащаб 22Х22 см
380 ## - Жанр
Жанр Детска худож. лит.
490 1# - СЕРИИ (Колекции)
Име на серия Книжки в поредица
500 ## - Общи забележки
Забележка Кор. опис.
653 ## - Ключова дума – ненормативна
Ключова дума приказки
653 ## - Ключова дума – ненормативна
Ключова дума литература за деца
653 ## - Ключова дума – ненормативна
Ключова дума детска литература
700 1# - Други автори (авторска отговорност)
Лично име Георгиева, Анна
Автороска отговорност (Описва отношението между автора и произведението) ил.
9 (RLIN) 370361
700 1# - Други автори (авторска отговорност)
Лично име Семков, Павел
Автороска отговорност (Описва отношението между автора и произведението) ил.
9 (RLIN) 299709
852 ## - Местоположение
Форматна сигнатура Цб 240873
856 4# - Електронен адрес и достъп
Електронен формат pdf - файл
Път до файла /url/
856 4# - Електронен адрес и достъп
Електронен формат pdf - файл
Път до файла /url/
942 ## - АРТИКУЛИ
Вид на библиотечния материал Книги
Скрит в OPAC Не
Koha issues (borrowed), all copies 5
944 ## - СЪЗДАВАНЕ И РЕДАКЦИЯ на ЗАПИСА
Създаване/Редакция Създаване
Дата на регистрацията/редакция 22.08.2008
Статус, дата на статуса Лиляна Коева
Служител, извършил регистрацията/редакцията 30532
944 ## - СЪЗДАВАНЕ И РЕДАКЦИЯ на ЗАПИСА
Създаване/Редакция Редакция
Дата на регистрацията/редакция 31.01.2012
Статус, дата на статуса ф /
Служител, извършил регистрацията/редакцията
999 ## - СИСТЕМНИ КОНТРОЛНИ НОМЕРА
Koha biblionumber 80530
Koha biblioitemnumber 80530
Наличности
Код за отписване Код за изгубен артикул Код за повреда Коз за рестрикции Код за отдаване Артикулен № Име на библиотеката - собственик Име на библиотеката, в която се намира в момента Статус (Текущо местоположение) Дата на вписване в системата Местоположение - отдел Цена в лева Инвентарен номер Систематично азбучна сигнатура Баркод Номер на екземпляра Цена в евро Служебна бележка Служебен тип на артикула
  Не е изгубен Не е повреден без рестрикции ползва се в читалня 130544 Регионална библиотека "Любен Каравелов" Русе Регионална библиотека "Любен Каравелов" Русе Хранилище 2008-08-22 Хранилище 2.50 120000728234 Цб 240873 120000728234 1 1.28 Дост: Dp Вид: Д N: 21 Дата: 07.05.2008 Книги
  Не е изгубен Не е повреден без рестрикции заемане за дома 130545 Регионална библиотека "Любен Каравелов" Русе Регионална библиотека "Любен Каравелов" Русе Детски отдел 2011-12-19 Детски отдел 2.50 120000756143 ДХ 886.7/Д 95 120000756143 2 1.28 Дост: Pk Вид: Ф N: 291 Дата: 15.12.2011 Дата инв: 07.09.2015 Бележки инв: Д2015 Книги
Vip Innovations Ltd, Rousse, Bulgaria 2025